000 00747nam a2200241Ia 4500
003 OSt
005 20220923222659.0
006 a|||||r|||| 00| 0
007 ta
008 220922b |||||||| |||| 00| 0 hin d
024 _a207,010
037 _cTextual
040 _aARTS
_cARTS
_bhin
041 _2hin
_ahin
082 _aO152,6N10x, K5
100 _aअश्क, उपेन्द्रनाथ
245 0 _aपरतो के आर- पार
246 _aParato ke āra- pāra
260 _aइलाहाबाद
_b नीलाभ प्रका0
_c1965
300 _a168पृ.
_ccm.
942 _hO152,6N10x, K5
_cTEXL
_2CC
999 _c357630
_d357630